[Event "Let's Play Chess!"]
[Site "http://www.queenalice.com/game.php?id=1313905"]
[Date "2014.10.10"]
[Round "-"]
[White "Ronin"]
[Black "Nebukadnezar"]
[Result "0-1"]
[WhiteElo "1814"]
[BlackElo "2083"]

1. b3 d5 2. Nf3 c5 3. Bb2 f6 4. h3 e5 5. e3 e4 6. Nh2 f5 7. Bb5+ Bd7 8. Bxd7+
Qxd7 9. O-O Nc6 10. a3 Bd6 11. f4 d4 12. Qe2 Nf6 13. g3 Rg8 14. Rf2 g5 15. Rg2
O-O-O 16. Nf1 gxf4 17. gxf4 Rxg2+ 18. Qxg2 Rg8 19. Ng3 Nh5 20. Kh2 Rxg3 21. Qe2
Qg7 22. exd4 Rxh3+ 0-1

[Event "AUTO-OPEN-3350"]
[Site "http://www.queenalice.com/game.php?id=1314064"]
[Date "2014.10.10"]
[Round "1"]
[White "worldwide"]
[Black "Ronin"]
[Result "0-1"]
[WhiteElo "2000"]
[BlackElo "1831"]

1. d4 d5 2. Nf3 Nc6 3. e3 Bg4 4. Nbd2 a6 5. Be2 h6 6. b3 e6 7. Bb2 Nf6 8. h3 Bf5
9. Nh4 Bh7 10. f4 Be7 11. g4 Ne4 12. Nhf3 Ng3 13. Rh2 Nxe2 14. Rxe2 Nb4 15. Nf1
Bh4+ 0-1

[Event "Amigo"]
[Site "http://www.queenalice.com/game.php?id=1319361"]
[Date "2014.10.31"]
[Round "-"]
[White "uribemoises"]
[Black "Ronin"]
[Result "0-1"]
[WhiteElo "1426"]
[BlackElo "1844"]

1. d4 d5 2. Nc3 a6 3. e4 Nf6 4. f3 e6 5. Qe2 Be7 6. Bf4 Nc6 7. O-O-O Bd7 8. exd5
Nxd5 9. Nxd5 exd5 10. Kb1 O-O 11. Nh3 b5 12. Qe3 Bf6 13. Nf2 Re8 14. Qd3 g6 15.
Ng4 Bf5 16. Qd2 Bg7 17. Bh6 Bxg4 18. fxg4 Bxh6 19. Qxh6 Qf6 20. g5 Qf4 21. g3
Qf5 22. Bd3 Qd7 23. h4 Nb4 24. h5 Nxd3 25. Rxd3 Re7 26. hxg6 fxg6 27. Rf1 Rg7
28. Qh1 Rf8 29. Rf4 Rff7 30. Ra3 Qd6 31. Raf3 a5 32. Qe1 Rxf4 33. gxf4 b4 34. b3
Re7 35. Qc1 c6 36. f5 gxf5 37. Rxf5 Rg7 38. c4 Qd7 39. Qc2 Rf7 40. Rf6 Rxf6 41.
gxf6 dxc4 42. Qxc4+ Kh8 43. f7 Qf5+ 44. Qc2 Qxc2+ 45. Kxc2 Kg7 46. Kd3 Kxf7 47.
a4 bxa3 48. Kc2 Ke6 49. Kb1 Kd5 50. Ka2 Kxd4 51. Kxa3 h5 52. Ka4 h4 53. Kxa5 h3
54. b4 h2 55. Kb6 h1=Q 56. Ka5 Qd5+ 57. Ka4 Kc4 58. Ka3 Kb5 59. Kb2 Kxb4 60. Kc2
Qf3 61. Kd2 Kb3 62. Ke1 Qg2 63. Kd1 Qf2 64. Kc1 Qc2# 0-1

[Event "nomada "]
[Site "http://www.queenalice.com/game.php?id=1319362"]
[Date "2014.10.31"]
[Round "-"]
[White "Ronin"]
[Black "uribemoises"]
[Result "1-0"]
[WhiteElo "1867"]
[BlackElo "1408"]

1. d4 d5 2. Nc3 Nf6 3. b3 e6 4. Bb2 c6 5. e3 Bd6 6. a3 O-O 7. Bd3 e5 8. Nce2 e4
9. h3 exd3 10. cxd3 Qe7 11. Nc3 Bd7 12. Nf3 Nh5 13. Ne5 Bxe5 14. dxe5 Nf4 15.
exf4 Na6 16. d4 f6 17. O-O b5 18. g4 f5 19. g5 g6 20. Ne2 Nc7 21. Qe1 a5 22. h4
a4 23. b4 Ne6 24. Qd2 h5 25. Rac1 Rac8 26. Rc2 Kh8 27. f3 Rg8 28. Rfc1 Nd8 29.
Ng3 Rf8 30. Rc3 Ne6 31. R1c2 Rg8 32. Ne2 Nd8 33. Qc1 Qe6 34. Kf2 Kh7 35. Ba1 Rc7
36. Rc5 Nb7 37. Rxb5 cxb5 38. Rxc7 Rc8 39. Rxc8 Bxc8 40. Qc7+ Qd7 41. Qxd7+ Bxd7
42. Nc3 Bc6 43. Ke3 Kg7 44. Nd1 Nd8 45. Nb2 Ne6 46. Nd3 Kf7 47. Nc5 Nxc5 48.
dxc5 Ke6 49. Kd3 Ke7 50. Bd4 Ke6 51. Be3 Bb7 52. c6 Bxc6 53. Bc5 d4 54. Kxd4
Bxf3 55. Bd6 Bh1 56. Kc5 Ba8 57. Kxb5 Kd5 58. Kxa4 Ke4 59. b5 Kxf4 60. e6+ Kg4
61. e7 Kxh4 62. e8=Q Kxg5 63. Qxa8 Kg4 64. Qg2+ Kh4 65. Qg3# 1-0

[Event "V2 Tournament"]
[Site "http://www.queenalice.com/game.php?id=1319367"]
[Date "2014.10.31"]
[Round "1"]
[White "FisicaModerna"]
[Black "Ronin"]
[Result "0-1"]
[WhiteElo "1961"]
[BlackElo "1871"]

1. e4 e6 2. d4 d5 3. Nc3 Be7 4. e5 Nc6 5. Qg4 g6 6. Bd3 h5 7. Qf4 g5 8. Qe3 a6
9. Nge2 f5 10. exf6 Bxf6 11. O-O Nge7 12. Qf3 Nf5 13. Bxf5 exf5 14. Nxd5 Nxd4
15. Nxf6+ Qxf6 16. Nxd4 Qxd4 17. Re1+ Kf7 18. Bxg5 Re8 19. Qb3+ Be6 20. Qxb7 Qd7
21. Red1 Qc8 0-1

[Event "Challenge"]
[Site "http://www.queenalice.com/game.php?id=1319447"]
[Date "2014.10.31"]
[Round "-"]
[White "Ronin"]
[Black "worldwide"]
[Result "0-1"]
[WhiteElo "1881"]
[BlackElo "1825"]

1. Nf3 d5 2. d4 e6 3. Bg5 Be7 4. Bf4 Nf6 5. Be5 Nbd7 6. c3 a6 7. h3 Nxe5 8. dxe5
Ne4 9. Nbd2 Nxd2 10. Qxd2 b5 11. e3 c5 12. a3 O-O 13. Bd3 g6 14. O-O c4 15. Bc2
a5 16. g4 Bb7 17. Nd4 Qb6 18. f4 Bc5 19. g5 b4 20. axb4 axb4 21. Rxa8 Bxa8 22.
Kh2 b3 23. Bb1 Bc6 24. h4 Kg7 25. Kg3 Rh8 26. Rf2 h6 27. Rh2 hxg5 28. hxg5 Bxd4
29. exd4 Qd8 30. Kg4 Bd7 31. Qg2 Qg8 32. Qh1 Rxh2 33. Qxh2 Kf8 34. Qh6+ Ke7 35.
Kf3 Qa8 36. Qg7 Qf8 37. Qh7 Kd8 38. Qh3 Kc7 39. Ke3 Qa8 40. Kd2 Be8 41. Kd1 Qa1
42. Kc1 Kd7 43. Qh8 Ke7 44. Qg7 Bd7 45. Qf6+ Ke8 46. f5 exf5 47. Qd6 Qa5 48.
Qb8+ Qd8 49. Qxd8+ Kxd8 50. Kd2 f4 51. Ke2 Bg4+ 52. Kf2 Ke7 53. Kg1 Ke6 54. Kh2
Bf5 55. Bxf5+ Kxf5 56. Kh3 Kxg5 57. Kg2 Kf5 58. Kf3 g5 59. Ke2 g4 60. Kf2 Ke4
61. Ke2 f3+ 62. Kd2 g3 63. Ke1 Kd3 64. Kd1 f2 0-1

[Event "AUTO-ADV-3280"]
[Site "http://www.queenalice.com/game.php?id=1320324"]
[Date "2014.11.4"]
[Round "1"]
[White "lesoleil"]
[Black "Ronin"]
[Result "0-1"]
[WhiteElo "1889"]
[BlackElo "1854"]

1. d4 d5 2. c4 e6 3. Nc3 Nf6 4. Nf3 c6 5. e3 Be7 6. Bd3 Nbd7 7. O-O h6 8. Re1
Nb6 9. Bd2 dxc4 10. Be2 Bd6 11. Qc2 O-O 12. e4 Be7 13. e5 Nfd5 14. Ne4 Nb4 15.
Bxb4 Bxb4 16. Red1 Qd5 17. a3 Be7 18. Rac1 f5 19. Ned2 Qd8 20. Nxc4 Nd5 21. Qb3
b5 22. Ncd2 Bb7 23. Qc2 a6 24. Nb3 Bg5 25. Nxg5 hxg5 26. Nc5 Bc8 27. Bf3 g4 28.
Bxd5 cxd5 29. Qb3 g5 30. Rd2 Ra7 31. Rdc2 Ra8 32. Nd3 Bb7 33. Rc7 Rf7 34. Rxf7
Kxf7 35. Rc5 Rc8 36. a4 Bc6 37. axb5 Bxb5 38. Nb4 Rxc5 39. dxc5 Qc7 40. Qc3 Kg6
41. c6 Kh6 42. Qc5 Qxe5 43. c7 Qe1# 0-1

[Event "AUTO-ADV-3280"]
[Site "http://www.queenalice.com/game.php?id=1320325"]
[Date "2014.11.4"]
[Round "1"]
[White "Ronin"]
[Black "lesoleil"]
[Result "0-1"]
[WhiteElo "1869"]
[BlackElo "1906"]

1. d4 Nf6 2. d5 d6 3. Nc3 g6 4. e4 Bg7 5. Bd2 O-O 6. Bd3 c5 7. Bc4 Nbd7 8. f4 b6
9. Qe2 Re8 10. a4 e6 11. Nf3 Bb7 12. O-O exd5 13. Bxd5 Nxd5 14. Nxd5 Bxd5 15.
Bc3 Bxc3 16. bxc3 Bxe4 17. Ng5 Nf6 18. Qc4 Bd5 19. Qd3 Bc6 20. c4 Qd7 21. h3
Bxa4 22. Qc3 Ne4 23. Nxe4 Rxe4 24. Rae1 Rae8 25. Rxe4 Rxe4 0-1

[Event "AUTO-ADV-3280"]
[Site "http://www.queenalice.com/game.php?id=1320342"]
[Date "2014.11.4"]
[Round "1"]
[White "Ronin"]
[Black "jupar"]
[Result "0-1"]
[WhiteElo "1891"]
[BlackElo "2040"]

1. b3 e5 2. Bb2 Nc6 3. e4 Nf6 4. d3 Bc5 5. a3 a5 6. a4 d6 7. c3 Ng4 8. Nh3 Qh4
9. g3 Qf6 10. f3 Ne3 11. Qe2 Nxf1 12. Qxf1 Bxh3 13. Qxh3 Qxf3 14. Qf1 Qe3+ 15.
Qe2 O-O 16. Qxe3 Bxe3 17. Ke2 Bh6 18. Nd2 f5 19. exf5 Bxd2 20. Kxd2 Rxf5 21.
Raf1 Raf8 22. Rxf5 Rxf5 23. Ke2 h5 24. Rf1 Rxf1 25. Kxf1 Kf7 26. Kf2 g5 27. h3
g4 28. hxg4 hxg4 29. Ke3 Ke6 30. d4 Kf5 31. d5 Ne7 32. c4 c6 33. Bc3 b6 34. dxc6
Nxc6 35. Kd3 Ne7 36. b4 axb4 37. Bxb4 Ke6 38. a5 bxa5 39. Bxa5 Nc6 40. Bc3 Kf5
41. Ke3 Na7 42. Bb2 Nc8 43. Ba3 Ke6 44. Ke4 Ne7 45. Bb4 Nf5 46. Be1 Ne7 47. Bb4
Nc6 48. Bc3 Ne7 49. Bb4 d5+ 50. cxd5+ Nxd5 51. Ba5 Nf6+ 52. Ke3 Kf5 53. Be1 e4
54. Kf2 Nd5 55. Bd2 Ke5 56. Ke2 Kd4 57. Ba5 e3 58. Be1 Ke4 59. Ba5 Ne7 60. Bb6
Nf5 61. Bc7 Nd4+ 62. Kd1 Kf3 63. Be5 Nf5 64. Ke1 Nxg3 65. Bxg3 Kxg3 66. Kf1 Kf3
67. Kg1 e2 68. Kh2 g3+ 0-1

[Event "AUTO-ADV-3280"]
[Site "http://www.queenalice.com/game.php?id=1320343"]
[Date "2014.11.4"]
[Round "1"]
[White "jupar"]
[Black "Ronin"]
[Result "1-0"]
[WhiteElo "1986"]
[BlackElo "1854"]

1. d4 g6 2. e4 Bg7 3. Nf3 c5 4. c3 b6 5. e5 e6 6. Bc4 d5 7. exd6 Qxd6 8. O-O Ba6
9. Qa4+ Qd7 10. Qxd7+ Kxd7 11. Bxa6 Nxa6 12. Bf4 Ne7 13. Nbd2 Nd5 14. Ne5+ Bxe5
15. Bxe5 f6 16. Bg3 Ke7 17. c4 cxd4 18. cxd5 exd5 19. Rfe1+ Kf7 20. Nb3 Rhe8 21.
Kf1 Nb4 22. Nxd4 Nd3 23. Rxe8 Rxe8 24. Rb1 f5 25. f3 h6 26. a3 f4 27. Bf2 g5 28.
b4 a6 29. Rb3 Ne5 30. Nf5 Nc4 31. Rd3 Re5 32. Nxh6+ Ke6 33. Ng4 Rf5 34. Bd4 Ne3+
35. Nxe3 1-0

[Event "Let's Play Chess!"]
[Site "http://www.queenalice.com/game.php?id=1326136"]
[Date "2014.12.5"]
[Round "-"]
[White "Peterjunior"]
[Black "Ronin"]
[Result "1-0"]
[WhiteElo "1845"]
[BlackElo "1867"]

1. d4 d5 2. c4 e6 3. Nc3 c6 4. e3 Nf6 5. Qf3 Be7 6. b3 Bb4 7. Bb2 Ne4 8. Rc1 a6
9. a3 Nxc3 10. Bxc3 Bxa3 11. Rc2 Be7 12. Bd3 O-O 13. e4 dxc4 14. Bxc4 b5 15. Bd3
Bb7 16. Qg4 Bc8 17. e5 f5 18. Qg3 Bd7 19. Ne2 Be8 20. h4 Nd7 21. Bd2 Nb6 22. h5
Rf7 23. h6 g6 24. Nf4 Bd7 25. Nxg6 hxg6 26. Qxg6+ Kh8 27. Qxf7 Qf8 28. Qg6 Be8
29. Qxe6 Bd7 30. Qg6 Be8 31. Qxf5 Qxf5 32. Bxf5 Rd8 33. Ba5 Rb8 34. Rc3 Nd5 35.
Rg3 Bb4+ 36. Bxb4 Nxb4 37. Be6 Nc2+ 38. Kd2 Nxd4 39. h7 1-0

[Event "Let's Play Chess!"]
[Site "http://www.queenalice.com/game.php?id=1327019"]
[Date "2014.12.9"]
[Round "-"]
[White "paolop69"]
[Black "Ronin"]
[Result "0-1"]
[WhiteElo "1692"]
[BlackElo "1877"]

1. e4 e6 2. a3 Bc5 3. Nc3 Qf6 4. Qf3 Qxf3 5. Nxf3 a6 6. d3 h6 7. b4 Ba7 8. Be3
Bxe3 9. fxe3 d6 10. d4 b5 11. Bd3 Bb7 12. d5 e5 13. Nh4 Ne7 14. Rf1 Bc8 15. Nf5
Bxf5 16. exf5 f6 17. Be4 c6 18. g4 Nd7 19. dxc6 Nb6 20. Rd1 Nbc8 21. Nd5 Nxd5
22. Bxd5 Ra7 23. Be6 Ke7 24. e4 Rc7 25. Bd5 Nb6 26. Rb1 Nc4 27. Bxc4 bxc4 28. b5
axb5 29. Rxb5 Rxc6 30. Rb7+ Kd8 31. Rb8+ Rc8 32. Rxc8+ Kxc8 33. c3 Kc7 34. Kd2
Ra8 35. Ra1 Kc6 36. h4 Ra7 37. h5 Kc5 38. Kc2 d5 39. a4 d4 40. cxd4+ Kxd4 41.
Ra3 Kxe4 42. Kc3 Kd5 43. a5 e4 44. a6 e3 45. Ra5+ Ke4 46. Kxc4 e2 47. Ra1 Kf3
48. Kd3 Kf2 49. Ra2 Rd7+ 50. Ke4 Re7+ 51. Kd3 Kf1 52. a7 Rxa7 53. Rxe2 Ra3+ 54.
Kd2 Ra2+ 55. Kd3 Rxe2 56. Kd4 Re5 0-1

[Event "Let's Play Chess!"]
[Site "http://www.queenalice.com/game.php?id=1327021"]
[Date "2014.12.9"]
[Round "-"]
[White "Ronin"]
[Black "paolop69"]
[Result "1-0"]
[WhiteElo "1868"]
[BlackElo "1701"]

1. d4 e6 2. e4 c6 3. Be3 Bb4+ 4. c3 Be7 5. e5 d5 6. Nf3 h6 7. b4 Bg5 8. a4 Bxe3
9. fxe3 a6 10. a5 b5 11. Be2 Ne7 12. Qd3 Nd7 13. Nbd2 Nf8 14. O-O Bd7 15. Nh4
Nf5 16. Nxf5 exf5 17. Nf3 Be6 18. g3 g5 19. Rf2 Ng6 20. Kf1 g4 21. Ng1 h5 22.
Ke1 h4 23. Rd1 h3 24. Kd2 Qg5 25. Kc1 Ne7 26. Kb2 Ng6 27. Rdf1 Ne7 28. Bd1 f6
29. exf6 Qxf6 30. Bxg4 Qg5 31. Be2 O-O-O 32. Nf3 Qg7 33. Ne5 Rdf8 34. Qd2 Kc7
35. Nd3 Qg5 36. Nf4 Rf6 37. Nxe6+ Rxe6 38. Rf4 Re4 39. Rxe4 dxe4 40. c4 Qg8 41.
cxb5 axb5 42. Qc1 Nd5 43. Bxb5 Nxb4 44. Bc4 Nd3+ 45. Bxd3 Qb8+ 46. Kc3 exd3 47.
Qb1 Qxb1 48. Rxb1 Ra8 49. Ra1 Kd6 50. Ra4 c5 51. Kxd3 cxd4 52. Kxd4 Ke6 53. a6
Kf6 54. a7 Kg5 55. Kc5 Rc8+ 56. Kb6 1-0

[Event "V2 Tournament"]
[Site "http://www.queenalice.com/game.php?id=1328528"]
[Date "2014.12.16"]
[Round "2"]
[White "Ronin"]
[Black "silverado"]
[Result "1-0"]
[WhiteElo "1850"]
[BlackElo "1898"]

1. e4 e5 2. d4 Bd6 3. d5 c6 4. c4 Bb4+ 5. Bd2 Qb6 6. a3 Bxd2+ 7. Qxd2 Nf6 8. Nc3
cxd5 9. Nxd5 Nxd5 10. exd5 d6 11. Be2 Na6 12. b4 Bd7 13. Nf3 O-O-O 14. O-O Ba4
15. Rac1 Kb8 16. Ng5 Rdf8 17. Ne4 h6 18. Nc3 Bd7 19. b5 1-0

[Event "V2 Tournament"]
[Site "http://www.queenalice.com/game.php?id=1335163"]
[Date "2015.1.16"]
[Round "3"]
[White "tucuman"]
[Black "Ronin"]
[Result "0-1"]
[WhiteElo "1637"]
[BlackElo "1886"]

1. e4 d5 2. exd5 Qxd5 3. d4 e6 4. Nc3 Bb4 5. Nf3 Bxc3+ 6. bxc3 a6 7. Be2 b5 8.
O-O h6 9. h3 Bb7 10. Re1 Nf6 11. Bd3 Qd7 12. Be2 Qe7 13. Bf4 Nbd7 14. Bxc7 O-O
15. Ne5 Rfc8 16. Nxd7 Rxc7 17. Ne5 Rxc3 18. Bf3 Bxf3 19. Nxf3 Qa7 20. Re3 Nd5
21. Rxc3 Nxc3 22. Qd2 Rc8 23. a3 Nd5 24. Ne5 a5 25. Rb1 Nc3 26. Rb2 a4 27. Rxb5
Nxb5 28. Qb4 Nxd4 29. c3 Ne2+ 30. Kh1 Nxc3 31. Qf4 Ne2 32. Qf3 Rc1+ 33. Kh2 Nd4
34. Qe3 Rc2 35. Nf3 Nxf3+ 36. Qxf3 Rxf2 37. Qc3 Qb8+ 38. Kg1 Re2 39. Qf3 Qb1+
40. Kh2 Re1 41. Kg3 Rf1 42. Qa8+ Kh7 43. Qxa4 f5 44. h4 Qe1+ 45. Kh3 Rh1# 0-1

[Event "Challenge"]
[Site "http://www.queenalice.com/game.php?id=1337662"]
[Date "2015.1.28"]
[Round "-"]
[White "Ronin"]
[Black "Aspayne"]
[Result "0-1"]
[WhiteElo "1892"]
[BlackElo "2063"]

1. d4 Nf6 2. d5 e6 3. dxe6 fxe6 4. a3 b6 5. Nc3 Bb7 6. Bg5 Be7 7. f3 O-O 8. e4
Nh5 9. Bxe7 Qxe7 10. Nge2 Nc6 11. Nb5 d6 12. h4 Ne5 13. b3 Rxf3 14. gxf3 Nxf3+
15. Kf2 Nxh4 16. Ke1 Bxe4 17. Nxc7 Bxh1 18. Nxa8 Bxa8 19. Kd2 Bf3 20. Kc1 Qf6
21. Kb1 Nf5 22. Qd3 Bxe2 23. Bxe2 Nf4 24. Qb5 Kf7 25. Ka2 Nd4 26. Qd7+ Qe7 27.
Qxe7+ Kxe7 28. Bd3 g6 29. Rc1 e5 30. Rd1 h5 31. c3 Nxd3 32. Rxd3 Nf5 33. c4 g5
34. Kb2 g4 35. Rd1 h4 36. Kc3 h3 37. Rh1 g3 38. Rxh3 g2 0-1

[Event "V2 Tournament"]
[Site "http://www.queenalice.com/game.php?id=1341003"]
[Date "2015.2.12"]
[Round "4"]
[White "Ronin"]
[Black "chaosagent"]
[Result "1-0"]
[WhiteElo "1883"]
[BlackElo "1836"]

1. d4 d5 2. Nf3 Nf6 3. Ne5 e6 4. e3 Bd6 5. f4 O-O 6. a3 c5 7. c3 Nbd7 8. Nf3 Re8
9. Bd3 cxd4 10. cxd4 Nb6 11. O-O Bd7 12. b3 Rc8 13. Bb2 a6 14. a4 a5 15. h3 Bb4
16. Ne5 Bc6 17. Kh1 g6 18. g4 Nfd7 19. Rf2 f6 20. Nf3 1-0

[Event "V2 Tournament"]
[Site "http://www.queenalice.com/game.php?id=1350977"]
[Date "2015.3.31"]
[Round "5"]
[White "Ronin"]
[Black "Poison"]
[Result "0-1"]
[WhiteElo "1897"]
[BlackElo "2358"]

1. d4 e6 2. e4 d5 3. e5 c5 4. Bb5+ Nc6 5. c3 Qa5 6. Bxc6+ bxc6 7. Ne2 cxd4 8.
Nxd4 c5 9. Nb3 Qc7 10. f4 Nh6 11. O-O Be7 12. Qe1 a5 13. a4 Ba6 14. Rf3 O-O 15.
Be3 Rfb8 16. N1d2 Ng4 17. h3 Nxe3 18. Qxe3 Rb6 19. Rf2 Rab8 20. Nc1 Rxb2 21. Nf3
d4 22. cxd4 cxd4 23. Qe1 Rxf2 24. Qxf2 Qc3 25. Na2 Qxa1+ 0-1